The Interactive Computing Series: Excel 2002 /

The Interactive Computing Series is the Visual, Interactive way to develop and apply software skills. This Skills based approach coupled with its highly illustrated, 2 page-spread design is ideal for the intro CIS course, the self-paced course or students in non-traditional education settings.

Uloženo v:
Podrobná bibliografie
Hlavní autor: Langley David
Další autoři: Rosenblatt Kenneth, Laudon Kenneth C
Médium: Kniha
Jazyk:Vietnamese
Vydáno: American : McGraw -Hill , 2002
Témata:
Tagy: Přidat tag
Žádné tagy, Buďte první, kdo otaguje tento záznam!
Thư viện lưu trữ: Thư viện Trường CĐ Kỹ Thuật Cao Thắng
LEADER 01068nam a2200241 a 4500
001 TVCDKTCT6594
003 Thư viện trường Cao đẳng Kỹ thuật Cao Thắng
005 20070406000000
008 070406
980 \ \ |a Thư viện Trường CĐ Kỹ Thuật Cao Thắng 
024 |a RG_1 #1 eb0 i1 
020 # # |a 0-07-247254-5 
041 0 # |a vie 
082 # # |a 004 /   |b I-311T-k 
100 1 # |a Langley David 
245 0 0 |a The Interactive Computing Series: Excel 2002 /  |c Langley David, Rosenblatt Kenneth, Laudon Kenneth C 
260 # # |a American :  |b McGraw -Hill ,  |c 2002 
300 # # |a 144tr. ;  |c 28cm 
520 # # |a The Interactive Computing Series is the Visual, Interactive way to develop and apply software skills. This Skills based approach coupled with its highly illustrated, 2 page-spread design is ideal for the intro CIS course, the self-paced course or students in non-traditional education settings. 
650 # 4 |a Ảnh hưởng của máy tính 
650 # 4 |a Tin học--Excel 2002 
700 0 # |a Rosenblatt Kenneth 
700 0 # |a Laudon Kenneth C